00597cam a22002291 4500001001300000003000400013005001700017008004100034010001700075035002000092040001800112042001200130050001800142100002200160245002100182260001000203300002500213440004500238500001400283650002300297700004700320sa 68001942 DLC20260227112438.0900912s1964 ii a 000 0 hino  asa 68001942  a(OCoLC)22365993 aDLCcWaUdDLC apremarc00aPK2057b.S4430 aŚekha Gulāba.10aPanḍuvānī. c1964. a2 v.billus.c23 cm. 0aParadhāna-gītakathā-mālā,v1-2 aIn Hindi. 0aFolk songs, Hindi.1 aNaik, T. B.q(Thakorlal Bharabhai),d1922-